<?xml version="1.0" encoding="utf-8"?>
<?xml-stylesheet type='text/xsl' href='./oai2.xsl'?>
<OAI-PMH xmlns="http://www.openarchives.org/OAI/2.0/" xmlns:xsi="http://www.w3.org/2001/XMLSchema-instance" xsi:schemaLocation="http://www.openarchives.org/OAI/2.0/ http://www.openarchives.org/OAI/2.0/OAI-PMH.xsd">
  <responseDate>2026-06-07T18:55:33Z</responseDate>
  <request verb="GetRecord" metadataPrefix="marcxml" identifier="record_kuniweb_162890">https://kulturerbe.niedersachsen.de/oai</request>
  <GetRecord>
    <record>
      <header>
        <identifier>record_kuniweb_162890</identifier>
        <datestamp>2025-08-28T09:38:22Z</datestamp>
        <setSpec>slg0217</setSpec>
      </header>
      <metadata>
        <marc:record xmlns:marc="http://www.loc.gov/MARC21/slim" xsi:schemaLocation="http://www.loc.gov/MARC21/slim http://www.loc.gov/standards/marcxml/schema/MARC21slim.xsd">
          <marc:leader>12345nkm  22     uu 4500</marc:leader>
          <marc:controlfield tag="001">162890</marc:controlfield>
          <marc:controlfield tag="003">http://kuniweb.gbv.de</marc:controlfield>
          <marc:controlfield tag="005">2022-12-18T14:43:24</marc:controlfield>
          <marc:controlfield tag="008">|           ||||||||||||||||||||||</marc:controlfield>
          <marc:datafield tag="245" ind1="1" ind2="0">
            <marc:subfield code="a">Fundament zum Steinbrecher Nr 1 für die Gebrüder Roddewig in Badenhausen a. Harz, 1908</marc:subfield>
          </marc:datafield>
          <marc:datafield tag="710" ind1="2" ind2=" ">
            <marc:subfield code="a">Gebrüder Roddewig, Badenhausen</marc:subfield>
            <marc:subfield code="e">AuftraggeberIn</marc:subfield>
          </marc:datafield>
          <marc:datafield tag="655" ind1=" " ind2="7">
            <marc:subfield code="a">Grafik</marc:subfield>
          </marc:datafield>
          <marc:datafield tag="046" ind1=" " ind2=" ">
            <marc:subfield code="k">1908-05-23</marc:subfield>
            <marc:subfield code="k">23.05.1908</marc:subfield>
          </marc:datafield>
          <marc:datafield tag="260" ind1=" " ind2=" ">
            <marc:subfield code="g">1908-05-23</marc:subfield>
            <marc:subfield code="g">23.05.1908</marc:subfield>
          </marc:datafield>
          <marc:datafield tag="520" ind1=" " ind2=" ">
            <marc:subfield code="a">Zeichnung - schwarz-weiß
Herstellungsort -  Königshütte, Bad Lauterberg i.Harz 

Auftraggeber und Standort:
Gebrüder Roddewig, Badenhausen a. Harz

Anmerkung zum Auftraggeber: 
1898 hat Ludwig Roddewig, ein Ziegelei- und Sägemühlenbesitzer in Badenhausen die Oberhütte erworben und die Produktionsanlagen mit seinem Bruder August ausgebaut, die Firmierung lief unter ‚Gebrüder Roddewig‘ und umfasste eine Dampfziegelei, ein Sägewerk, eine Holzhandlung und eine Gipsfabrik. 1922 trennen sich die Brüder, die Firma firmiert nun unter dem Namen ‚Westharzer Gipswerke, L. Roddewig‘. Nach dem Tod von Ludwig R. gründeten seine Witwe und sein Sohn die Fa. ‚Roddewig &amp; Co‘. 1984 wird nach dem Tod von Hans Roddewig die Firma ‚Roccogips GmbH‘ gegründet. 1991 wird u.a. das Werk in Badenhausen an die ‚Heidelberger Zement AG‘ verkauft, Mitte 1995 wird das Werk in Badenhausen wegen Erschöpfung des Rohsteinvorkommens geschlossen.
siehe:
Bildergallerie - Oberhütte
www.oberhuette.de/Oberhuette_Gallerie_Alt/Gipswerke.../Gipswerk%20start.htm




 (Förderkreis Königshütte Bad Lauterberg e.V.)

Maßstab: 1 zu 10</marc:subfield>
          </marc:datafield>
          <marc:datafield tag="650" ind1="1" ind2=" ">
            <marc:subfield code="a">Steinbrecher</marc:subfield>
          </marc:datafield>
          <marc:datafield tag="650" ind1="1" ind2=" ">
            <marc:subfield code="a">Grafik, Fotografie &gt; Zeichnung</marc:subfield>
          </marc:datafield>
          <marc:datafield tag="650" ind1="1" ind2=" ">
            <marc:subfield code="a">Bergbau und Hüttenwesen</marc:subfield>
          </marc:datafield>
          <marc:datafield tag="650" ind1="1" ind2=" ">
            <marc:subfield code="a">Badenhausen (Bad Grund (Harz), Osterode am Harz, Niedersachsen)</marc:subfield>
          </marc:datafield>
          <marc:datafield tag="773" ind1="0" ind2=" ">
            <marc:subfield code="t">Maschinenelemente, Zubehör und Werkzeuge</marc:subfield>
          </marc:datafield>
          <marc:datafield tag="852" ind1=" " ind2=" ">
            <marc:subfield code="a">Industriedenkmal Königshütte Bad Lauterberg im Harz</marc:subfield>
          </marc:datafield>
          <marc:datafield tag="" ind1=" " ind2=" ">
            <marc:subfield code="a">Namensnennung - Nicht kommerziell - Keine Bearbeitungen 4.0 International (CC BY-NC-ND 4.0)</marc:subfield>
          </marc:datafield>
        </marc:record>
      </metadata>
    </record>
  </GetRecord>
</OAI-PMH>
